[Event "Catalunya-chB"]
[Site "Spain"]
[Date "1996.11.24"]
[Round "8"]
[White "Santos Bouzas, Miguel"]
[Black "Alegret Grino, Amadeo"]
[Result "1-0"]
[WhiteElo "2055"]
[BlackElo "2015"]
[PlyCount "81"]
[EventDate "1997.??.??"]
[EventType "swiss"]
[EventRounds "8"]
[EventCountry "ESP"]
[SourceTitle "EXT 2003"]
[Source "ChessBase"]
[SourceDate "2002.11.25"]
[SourceVersion "1"]
[SourceVersionDate "2002.11.25"]
[SourceQuality "1"]

1. e4 e5 2. Nf3 Nc6 3. d4 exd4 4. Nxd4 Bc5 5. Nb3 Bb6 6. a4 a6 7. Nc3 Nge7 8. Bg5 f6 9. Bf4 0-0 10. a5 Ba7 11. Nd5 d6 12. Be3 Bxe3 13. Nxe3 f5 14. Bc4+ Kh8 15. exf5 Nxf5 16. Nxf5 Bxf5 17. 0-0 Ne5 18. Bd3 Nxd3 19. cxd3 Qg5 20. Kh1 Qg6 21. Nc1 Bd7 22. Qc2 Bc6 23. f3 Rae8 24. Ne2 Re3 25. Nd4 Qxd3 26. Qxd3 Rxd3 27. Nxc6 bxc6 28. Rfe1 Kg8 29. Re7 Rf7 30. Re8+ Rf8 31. Re7 Rf7 32. Re8+ Rf8 33. Re7 Rc8 34. Rae1 Kf8 35. h3 Rb8 36. Rxc7 Rxb2 37. Ree7 Rdd2 38. Rf7+ Ke8 39. Rxg7 Kf8 40. Rxh7 Rxg2 41. Rc8# 1-0